| 000 | 00445nam a2200157Ia 4500 | ||
|---|---|---|---|
| 008 | 230711s9999||||xx |||||||||||||| ||und|| | ||
| 041 | _aENG | ||
| 082 |
_a720 _bDE-H |
||
| 100 | _aParihar,Subhash | ||
| 245 | 0 | _aHistory and architectural remains of Sirhind: the greatest Mughal city on Delhi-Lahore highway | |
| 250 | _a1st Ed. | ||
| 260 |
_c2006 _aNew Delhi _bAryan Book International |
||
| 300 | _a258 | ||
| 650 | _aArchitecture | ||
| 942 | _cBK | ||
| 999 |
_c5009 _d5009 |
||